<?xml version='1.0' encoding='UTF-8'?>
  <record xmlns="http://www.loc.gov/MARC21/slim">
    <leader>00000cam a22000007i 4500</leader>
    <controlfield tag="001">ocm67930380</controlfield>
    <controlfield tag="003">OCoLC</controlfield>
    <controlfield tag="005">20240202180208.2</controlfield>
    <controlfield tag="008">990128s1779    ne            000 0 dut d</controlfield>
    <datafield tag="040" ind1=" " ind2=" ">
      <subfield code="a">NLGGC</subfield>
      <subfield code="b">dut</subfield>
      <subfield code="e">fobidrtb</subfield>
      <subfield code="c">NLGGC</subfield>
      <subfield code="d">QGJ</subfield>
      <subfield code="d">OCLCQ</subfield>
      <subfield code="d">OCLCA</subfield>
      <subfield code="d">OCLCL</subfield>
    </datafield>
    <datafield tag="029" ind1="0" ind2=" ">
      <subfield code="a">NLGGC</subfield>
      <subfield code="b">177255692</subfield>
    </datafield>
    <datafield tag="035" ind1=" " ind2=" ">
      <subfield code="a">(OCoLC)67930380</subfield>
    </datafield>
    <datafield tag="041" ind1="1" ind2=" ">
      <subfield code="a">dut</subfield>
      <subfield code="h">ger</subfield>
    </datafield>
    <datafield tag="100" ind1="1" ind2=" ">
      <subfield code="a">Nesselrode, F.G. von,</subfield>
      <subfield code="d">fl. 1774.</subfield>
      <subfield code="1">https://id.oclc.org/worldcat/entity/E39PCjwBdMJwvXVJPfDBQrD44q</subfield>
    </datafield>
    <datafield tag="245" ind1="1" ind2="3">
      <subfield code="a">De adelyke landman, blyspel. /</subfield>
      <subfield code="c">gevolgd naar het Hoogduitsch [van F.G. von Nesselrode door Anthony Hartsen].</subfield>
    </datafield>
    <datafield tag="246" ind1="3" ind2=" ">
      <subfield code="a">Adelyke landman</subfield>
    </datafield>
    <datafield tag="260" ind1=" " ind2=" ">
      <subfield code="a">Te Amsteldam :</subfield>
      <subfield code="b">By Izaak Duim ...,</subfield>
      <subfield code="c">1779.</subfield>
    </datafield>
    <datafield tag="300" ind1=" " ind2=" ">
      <subfield code="a">[8], 112 p. ;</subfield>
      <subfield code="c">17 cm (in-8)</subfield>
    </datafield>
    <datafield tag="336" ind1=" " ind2=" ">
      <subfield code="a">tekst</subfield>
      <subfield code="b">txt</subfield>
      <subfield code="2">rdacontent/dut</subfield>
    </datafield>
    <datafield tag="337" ind1=" " ind2=" ">
      <subfield code="a">zonder medium</subfield>
      <subfield code="b">n</subfield>
      <subfield code="2">rdamedia/dut</subfield>
    </datafield>
    <datafield tag="338" ind1=" " ind2=" ">
      <subfield code="a">band</subfield>
      <subfield code="b">nc</subfield>
      <subfield code="2">rdacarrier/dut</subfield>
    </datafield>
    <datafield tag="340" ind1=" " ind2=" ">
      <subfield code="m">8vo</subfield>
    </datafield>
    <datafield tag="490" ind1="0" ind2=" ">
      <subfield code="a">Tooneel-poëzy van A. Hartsen ;</subfield>
      <subfield code="v">III,2</subfield>
    </datafield>
    <datafield tag="490" ind1="0" ind2=" ">
      <subfield code="a">Tooneelpoezij der leden van 't Kunstgenootschap Oefening beschaaft de Kunsten ;</subfield>
      <subfield code="v">7</subfield>
    </datafield>
    <datafield tag="500" ind1=" " ind2=" ">
      <subfield code="a">Auteur: F.G. von Nesselrode; vertaler: Antoni Hartsen.</subfield>
    </datafield>
    <datafield tag="500" ind1=" " ind2=" ">
      <subfield code="a">Impressum: Te Amsteldam, by Izaak Duim, op den Cingel, tusschen de Warmoesgracht en de Drie-Koningstraat. 1779.</subfield>
    </datafield>
    <datafield tag="500" ind1=" " ind2=" ">
      <subfield code="a">Met drukkersmerk en zinspreuk "Oefening beschaaft de kunsten."</subfield>
    </datafield>
    <datafield tag="510" ind1="4" ind2=" ">
      <subfield code="a">Van Aken 2,</subfield>
      <subfield code="c">100</subfield>
    </datafield>
    <datafield tag="530" ind1=" " ind2=" ">
      <subfield code="a">Titel is geselecteerd voor digitalisering voor de Universiteit van Amsterdam in het kader van het Google Books-project.</subfield>
    </datafield>
    <datafield tag="700" ind1="1" ind2=" ">
      <subfield code="a">Hartsen, Antoni,</subfield>
      <subfield code="d">1719-1782.</subfield>
      <subfield code="1">https://id.oclc.org/worldcat/entity/E39PBJpV6kPfyrfw4VqKqC4g8C</subfield>
    </datafield>
    <datafield tag="710" ind1="0" ind2=" ">
      <subfield code="a">Duim, Izaak (Amsterdam)</subfield>
      <subfield code="4">prt</subfield>
      <subfield code="0">(NL-LeOCL)077131843</subfield>
    </datafield>
    <datafield tag="758" ind1=" " ind2=" ">
      <subfield code="a">De adelyke landman (Text)</subfield>
      <subfield code="1">https://id.oclc.org/worldcat/entity/E39PCFBTdjFtDvGgjpCmKFfVVK</subfield>
      <subfield code="4">https://id.oclc.org/worldcat/ontology/hasWork</subfield>
    </datafield>
    <datafield tag="773" ind1="0" ind2="8">
      <subfield code="i">(MP)</subfield>
      <subfield code="t">Tooneel-poëzy van A. Hartsen</subfield>
      <subfield code="g">III,2</subfield>
      <subfield code="w">(NL-LeOCL)177171146</subfield>
      <subfield code="7">nnam</subfield>
    </datafield>
    <datafield tag="776" ind1="0" ind2=" ">
      <subfield code="t">De adelyke landman, blyspel.</subfield>
      <subfield code="w">(NL-LeOCL)401913333</subfield>
    </datafield>
  </record>